Central Library OPAC University of Rajshahi

Structure of a group and the structure of its lattice of subgroups / (Record no. 71115)

MARC details
000 -LEADER
fixed length control field 00949nam a2200277 a 4500
001 - CONTROL NUMBER
control field 71115
003 - CONTROL NUMBER IDENTIFIER
rucl marc code BD-RjUL
005 - DATE AND TIME OF LATEST TRANSACTION
control field 20211209082059.0
008 - FIXED-LENGTH DATA ELEMENTS--GENERAL INFORMATION
fixed length control field 170426s1956 gw b 001 0 eng d
035 ## - SYSTEM CONTROL NUMBER
System control number (BD-RjUL)71330
040 ## - CATALOGING SOURCE
Original cataloging agency DLC
Transcribing agency OYU
Modifying agency OCoLC
-- DLC
Language of cataloging eng
041 ## - LANGUAGE CODE
Language code of text/sound track or separate title eng
082 ## - DEWEY DECIMAL CLASSIFICATION NUMBER
Edition number 23
Classification number 510
Author mark and year SUS 1956
100 1# - MAIN ENTRY--PERSONAL NAME
Personal name Suzuki, Michio.
9 (RLIN) 210404
245 10 - TITLE STATEMENT
Title Structure of a group and the structure of its lattice of subgroups /
Statement of responsibility, etc. Michio Suzuki
260 ## - PUBLICATION, DISTRIBUTION, ETC. (IMPRINT)
Place of publication, distribution, etc. Berlin :
Name of publisher, distributor, etc. Springer-Verlag,
Date of publication, distribution, etc. c1956.
300 ## - PHYSICAL DESCRIPTION
Pagination 96 p. ;
Size 23 cm.
504 ## - BIBLIOGRAPHY, ETC. NOTE
Bibliography, etc Includes bibliographical references (p. 92-94) and indexes.
650 #0 - SUBJECT ADDED ENTRY--TOPICAL TERM
Topical term or geographic name as entry element Mathematics.
9 (RLIN) 210406
Topical term or geographic name as entry element Group theory.
9 (RLIN) 210407
Topical term or geographic name as entry element Lattice theory.
9 (RLIN) 210408
830 ## - SERIES ADDED ENTRY--UNIFORM TITLE
Uniform title Ergebnisse der Mathematik und ihrer Grenzgebiete ;
Volume number/sequential designation N.F., Heft 10.
942 ## - ADDED ENTRY ELEMENTS (KOHA)
Source of classification or shelving scheme Dewey Decimal Classification
Koha item type Books
Holdings
Lost status Source of classification or shelving scheme Damaged status Not for loan Collection code Permanent Location Current Location Shelving location Date acquired Source of acquisition Cost, normal purchase price Total Checkouts Full call number Date last seen Copy number Koha item type
  Dewey Decimal Classification   Not For Loan Non-fiction Central Library, University of Rajshahi Central Library, University of Rajshahi Reading Room 26/04/2017 Zeitlinger 30.00   510 SUS 1956 26/04/2017 C-1 Books